000
00312nam a2200133Ia 4500
008
211109s9999||||xx |||||||||||||| ||und||
082
_a
as
_b
PET-D
100
_a
Peter, K C
245
0
_a
Dr. Santhosh
260
_b
Current Books
_a
Trichur
_c
1978
630
_x
General Stack
650
_v
Generalia
942
_c
BOOK
999
_c
73355
_d
73355